000109265 001__ 109265
000109265 005__ 20220104094602.0
000109265 037__ $$aTAZ-TFG-2021-2819
000109265 041__ $$aspa
000109265 1001_ $$aSoldevilla Lozano, María Cruz
000109265 24200 $$aSTUDY OF THE FAMILY RELATIONSHIP IN PATIENTS AT THE NEUROPSYCHIATRIC CENTER "NUESTRA SEÑORA DEL CARMEN" AS A LAST RESORT
000109265 24500 $$aESTUDIO DE LA RELACIÓN FAMILIAR EN PACIENTES EN EL CENTRO NEUROPSIQUIÁTRICO NUESTRA SEÑORA DEL CARMEN COMO ÚLTIMO RECURSO
000109265 260__ $$aZaragoza$$bUniversidad de Zaragoza$$c2021
000109265 506__ $$aby-nc-sa$$bCreative Commons$$c3.0$$uhttp://creativecommons.org/licenses/by-nc-sa/3.0/
000109265 520__ $$aEl presente Trabajo de Fin de Grado pretende analizar el perfil y las relaciones familiares de pacientes con trastorno mental grave ingresados en el Neuropsiquiatrico Nuestra Señor del Carmen de Garrapinillos (Zaragoza). Debido a que la mayoría de los pacientes son refractarios, muchos son derivados al centro como última red de recursos, tras haber agotado anteriormente todos los recursos existentes dentro de la comunidad. Por estos motivos, el trabajo con las familias es complejo y esencial. Para poder aportar una visión objetiva sobre el tema tratado, se han realizado entrevistas a varios profesionales del centro y se ha realizado una revisión exhaustiva de todas las historias sociales de cada uno de los pacientes. Los resultados muestran que los pacientes llevan un largo recorrido psiquiátrico que ha deteriorado en gran medida la comunicación con su familia y que, a pesar de que, en muchos casos, los familiares han cedido su protección a la administración, siguen proporcionándoles implicación emocional, material y médica y esta ha mejorado con la estancia en el centro.<br /><br />
000109265 521__ $$aGraduado en Trabajo Social
000109265 540__ $$aDerechos regulados por licencia Creative Commons
000109265 700__ $$aLacruz Casaucau, Beatriz$$edir.
000109265 7102_ $$aUniversidad de Zaragoza$$bMétodos Estadísticos$$cEstadística e Investigación Operativa
000109265 8560_ $$f765358@unizar.es
000109265 8564_ $$s723048$$uhttps://zaguan.unizar.es/record/109265/files/TAZ-TFG-2021-2819.pdf$$yMemoria (spa)
000109265 8564_ $$s723048$$uhttps://zaguan.unizar.es/record/109265/files/TAZ-TFG-2021-2819_ANE.pdf$$yAnexos (spa)
000109265 909CO $$ooai:zaguan.unizar.es:109265$$pdriver$$ptrabajos-fin-grado
000109265 950__ $$a
000109265 951__ $$adeposita:2022-01-04
000109265 980__ $$aTAZ$$bTFG$$cSOCIZ
000109265 999__ $$a20210625150837.CREATION_DATE